| 000 | 00562cab a2200217 4500 | ||
|---|---|---|---|
| 001 | WB3220-11 | ||
| 008 | 090401t1996 xxu||||| |||| 00| 0 eng d | ||
| 035 | _a(Sirsi) u8108 | ||
| 041 | _aeng | ||
| 245 | _aMarble Arch to let | ||
| 260 | _c1996 | ||
| 350 | _a0 | ||
| 490 |
_aTimes _v21 May 1996, 6(1) |
||
| 520 | _aMarble Arch may be let following completion of its £100,000 refurbishment. | ||
| 650 | _aLONDON | ||
| 650 | _aMARBLE ARCH | ||
| 650 |
_aRefurbishment _96264 |
||
| 690 | _aPROPERTY-COMMERCIAL PROPERTY | ||
| 942 | _n0 | ||
| 948 | _c04/03/1997 | ||
| 999 |
_c4944 _d4944 |
||